000
00507nam a2200193Ia 4500
008
090123s9999 xx 000 0 und d
082
_b
29722
100
_a
ओशो
245
_a
ध्यानसुत्र
250
_a
1
260
_b
मेहता प्रकाशन
300
_a
177
600
_a
ओशो
630
_a
ध्यानसुत्र
700
_a
ओशो
700
_a
कर्वे माधव
730
_a
ध्यानसुत्र
942
_c
BOOK
999
_c
68630
_d
68630